000 01376nam a2200337Ia 4500
001 ebr10002876
003 CaPaEBR
006 m u
007 cr cn|||||||||
008 000905s2001 sz a sb i001 0 eng d
020 _z9221113922
040 _aCaPaEBR
_cCaPaEBR
035 _a(OCoLC)70769096
050 1 4 _aHD5710.75.C5
_bR45 2001eb
100 1 _aReinecke, Gerhard.
245 1 0 _aChile
_h[electronic resource] /
_cGerhard Reinecke and Raymond Torres.
260 _aGeneva :
_bInternational Labour Office,
_c2001.
300 _axvi, 108 p. :
_bill.
490 1 _aStudies on the social dimensions of globalization
504 _aIncludes bibliographical references and index.
533 _aElectronic reproduction.
_bPalo Alto, Calif. :
_cebrary,
_d2013.
_nAvailable via World Wide Web.
_nAccess may be limited to ebrary affiliated libraries.
650 0 _aForeign trade and employment
_zChile.
650 0 _aInternational economic integration
_xSocial aspects.
650 0 _aGlobalization
_xSocial aspects.
651 0 _aChile
_xSocial conditions
_y1970-
655 7 _aElectronic books.
_2local
700 1 _aTorres, Raymond.
710 2 _aebrary, Inc.
830 0 _aStudies on the social dimensions of globalization.
856 4 0 _uhttp://site.ebrary.com/lib/rucke/Doc?id=10002876
_zAn electronic book accessible through the World Wide Web; click to view
999 _c3090
_d3090